A history of the early church to A.D. 500 /

محفوظ في:

المؤلف الرئيسي: Wand, J. W. C. 1885-1977 (مؤلف)

التنسيق: كتاب

اللغة: English

منشور في: London : Methuen, [1961].

الطبعة: 3rd ed.

الموضوعات:

الوسوم: إضافة وسم

لا توجد وسوم, كن أول من يضع وسما على هذه التسجيلة!

رقم الطلب: BR160 .W35 1961

LEADER 00871nam a2200241L 4500
001 8653
003 OSt
005 20251008064925.0
008 130303s1961 enkb b 000 0 eng d
035 |a ocm30526276 
040 |c ARCE Library 
050 4 |a BR160 .W35 1961 
100 1 |a Wand, J. W. C.  |q (John William Charles),  |d 1885-1977,  |e author  |9 41880 
245 1 2 |a A history of the early church to A.D. 500 /   |c by J. W. C. Wand. 
250 |a 3rd ed. 
264 1 |a London :   |b Methuen,   |c [1961]. 
300 |a ix, 290 pages :   |b 3 folded maps ;   |c 20 cm. 
500 |a "The last member of a trilogy, the other two being Miss Deanesly's History of the Medieval church and my own History of the modern church" 
504 |a Bibliography : pages 264-266. 
650 0 |a Church history  |y Primitive and early church, ca. 30-600. 
901 |a reviewed 
942 |c BK  |2 lcc 
999 |c 4134  |d 4134